000 00563cam a2200181 4500500
005 20260405003133.0
041 _afre
042 _adc
100 1 0 _aN’Diaye, Aïda
_eauthor
245 0 0 _aHistoire de la fatigue. Du Moyen Âge à nos jours
260 _c2020.
500 _a12
690 _aFatigue
690 _aGeorges Vigarello
690 _aHistoire
786 0 _nPhilosophie magazine | 142 | 9 | 2020-09-01 | p. 90-91 | 1951-1787
856 4 1 _uhttps://shs.cairn.info/magazine-philosophie-magazine-2020-9-page-90?lang=fr&redirect-ssocas=7080
999 _c2064696
_d2064696